Die größten Städte mit A - Statistiken

Allgemein
  • Dieses Quiz wurde 326 mal gespielt
    186 seit der letzten Aktualisierung
  • Das Durchschnittsergebnis liegt bei 21 aus 38
Antwortstatistiken
Einwohner Antwort Land % Korrekt
5.300.000 Ankara Türkei
99%
3.500.000 Athen Griechenland
98%
2.500.000 Amsterdam Niederlande
97%
4.100.000 Algier Algerien
90%
4.000.000 Addis Abeba Äthiopien
85%
6.180.000 Alexandria Ägypten
85%
6.150.000 Accra Ghana
84%
2.425.000 Asuncion Paraguay
84%
1.220.000 Antwerpen Belgien
83%
5.700.000 Amman Jordanien
82%
1.350.000 Astana Kasachstan
82%
1.660.000 Abu Dhabi VAE
80%
1.470.000 Auckland Neuseeland
80%
6.050.000 Atlanta USA
78%
3.900.000 Abuja Nigeria
77%
1.380.000 Adelaide Australien
67%
2.000.000 Aleppo Syrien
67%
1.390.000 Antalya Türkei
67%
2.250.000 Almaty Kasachstan
66%
6.000.000 Abidjan Elfenbeinküste
61%
2.075.000 Austin USA
61%
9.000.000 Ahmedabad Indien
60%
1.090.000 Asmara Eritrea
59%
1.770.000 Adana Türkei
54%
2.430.000 Agra Indien
51%
1.250.000 Agadir Marokko
29%
2.300.000 Anshan China
27%
1.480.000 Aschgabad Turkmenistan
19%
1.540.000 Angeles Philippinen
18%
1.510.000 Allahabad Indien
15%
1.210.000 Aba Nigeria
14%
1.440.000 Ahvaz Iran
13%
1.170.000 Arequipa Peru
12%
1.800.000 Anyang China
11%
1.320.000 Aligarh Indien
7%
1.450.000 Amritsar Indien
7%
1.670.000 Asansol Indien
7%
1.180.000 Aguascalientes Mexiko
4%
Keine übereinstimmenden Quizze gefunden
Verteilung der Resultate
Anzahl Personen mit jedem Resultat
Perzentil nach korrekt beantworteten Fragen
Ihre Resultats-Entwicklung
Sie haben dieses Quiz seit der letzten Aktualisierung nicht gespielt